Word Chain - Disney Characters - Statistics

General Stats
  • This quiz has been taken 249 times
  • The average score is 17 of 22
Answer Stats
Hint Answer % Correct
Ice Queen Elsa
99%
The mouse that started it all Mickey Mouse
96%
_____ in Wonderland Alice
95%
The fish that gets lost Nemo
95%
Sister of the above Anna
93%
____ and the Tramp Lady
93%
The snowman from Frozen Olaf
93%
The red emotion from inside out Anger
92%
Princess from tangled Rapunzel
91%
Mufasa's Brother Scar
91%
____ and Stitch Lilo
89%
The little mermaid Ariel
88%
Simba's wife Nala
77%
The little mermaid's best friend Flounder
75%
The villain from Frozen Hans
72%
Sad donkey from Winnie the Pooh Eeyore
71%
The villain from Snow White and the seven dwarves Evil Queen
62%
The yellow bunny from Winnie the Pooh Rabbit
59%
The tiger from Aladdin, Jasmine's pet Rajah
54%
Main antagonist of The Emperor's New Groove Yzma
50%
The brother of Hiro(Big hero 6) Tadashi
33%
Protagonist of the movie 'Onward' Ian
14%
No matching quizzes found
Score Distribution
Percent of People with Each Score
Percentile by Number Answered
Your Score History
You have not taken this quiz